| 000 | 01049nam a2200277Ia 4500 | ||
|---|---|---|---|
| 003 | OSt | ||
| 005 | 20221005103830.0 | ||
| 006 | a|||||r|||| 00| 0 | ||
| 007 | ta | ||
| 008 | 221004b |||||||| |||| 00| 0 san d | ||
| 020 |
_a9788178542676 (hbk) _c950 |
||
| 024 | _a14892 | ||
| 037 |
_b48, 30/10/2014, Mallika Books _cTextual |
||
| 040 |
_aCRL _cCRL _bsan |
||
| 041 |
_2san _asan |
||
| 082 | _aO15,1N30:g,SB, 152Q4 | ||
| 100 | _aशास्त्री, सत्यव्रत | ||
| 245 | 0 | _aश्रीबोधिसत्त्वचरितम् | |
| 246 | _aShrībodhisattvacharitam | ||
| 260 |
_aदिल्ली _bईस्टर्न बुक लिंकर्स भारत _c2014 |
||
| 300 |
_a303पृ0 _ccm. |
||
| 650 | _aसंस्कृत साहित्य | ||
| 700 | _a ऋतुबाला | ||
| 942 |
_hO15,1N30:g,SB, 152Q4 _cTEXL _2cc |
||
| 999 |
_c1011046 _d1011046 |
||